| 000 | 006910000a22002050004500 | ||
|---|---|---|---|
| 003 | LK-CoMWRAF | ||
| 005 | 20231106160110.0 | ||
| 008 | 230817t2004 ||||| |||| 00| 0 eng d | ||
| 020 | _a9559102710 | ||
| 040 |
_aLK-CoMWRAF _dLK-CoMWRAF _eLK-CoMWRAF |
||
| 041 | _aeng | ||
| 082 |
_a915.493 _bJAY |
||
| 100 | _aJayawickrama, Sarojini | ||
| 245 |
_aWriting that conquers : _bre-reading Knox's an historical relation of the island Ceylon |
||
| 260 |
_aColombo: _bSocial Scientists Association, _c2004 |
||
| 300 |
_axix, 350 p. : ill. ; 23 cm. _bBibliography and index included |
||
| 650 | _a Sri Lanka--Description and travel. | ||
| 650 | _aSri Lanka--Social life and customs. | ||
| 942 | _cBK | ||
| 999 |
_c872 _d872 |
||